000 00425pab a2200169 454500
008 180718b1962 xxu||||| |||| 00| 0 eng d
100 _aAgarwala, A.N.
245 _aManagement of big business in India
260 _c1962
300 _ap.173-185.
362 _aApr-Jun
650 _aEnterprises - India
650 _aEnterprises
773 _aIndian Journal of Public Administration
908 _aN
909 _a100419
999 _c100418
_d100418